Score 0/15 Timer 02:00
10 Plays Today
% Correct
Deng Xiaoping
94.3%
Drake
92.1%
Denmark
91.2%
Dalai Lama
90.4%
Dezhnev
87.8%
Djibouti
87%
Dalí
87%
Democracy
86.8%
% Correct
Delegate
86.8%
Diocletian
78.3%
Degas
77%
Demagogue
76.9%
Dürer
71.9%
Dampier
62.9%
Darfur
60.3%

You're not logged in!

Compare scores with friends on all Sporcle quizzes.
OR
Log In

Sporcle TV

Today on Sporcle TV


Watch our educational content, quiz creation guides, and fun videos on Sporcle TV.

Show Comments

Extras

Top Quizzes Today


Score Distribution

Your Account Isn't Verified!

In order to create a playlist on Sporcle, you need to verify the email address you used during registration. Go to your Sporcle Settings to finish the process.

Report this User

Report this user for behavior that violates our Community Guidelines.

Details: